[Event "GER-chT U14"]
[Site "Magdeburg"]
[Date "2012.12.29"]
[Round "5.4"]
[White "Hlopotov, Nikita"]
[Black "Beckmann, Klaus"]
[Result "1-0"]
[WhiteElo "1314"]
[BlackElo "1465"]
[PlyCount "63"]
[EventDate "2012.12.27"]
[EventType "team-swiss"]
[EventRounds "7"]
[EventCountry "GER"]
[SourceTitle "EXT 2014"]
[Source "ChessBase"]
[SourceDate "2013.11.20"]
[SourceVersion "1"]
[SourceVersionDate "2013.11.20"]
[SourceQuality "1"]
[WhiteTeam "Brackel"]
[BlackTeam "Raesfeld Erle"]
[WhiteTeamCountry "GER"]
[BlackTeamCountry "GER"]

1. e4 e5 2. Nf3 Nc6 3. Nc3 Nf6 4. d4 exd4 5. Nxd4 Nxd4 6. Qxd4 d6 7. Bd3 Be7 8. 0-0 0-0 9. b3 c6 10. Bb2 Ne8 11. Rad1 Qb6 12. Ne2 Bf6 13. Qxb6 axb6 14. Bxf6 Nxf6 15. a4 Re8 16. Ng3 d5 17. Rfe1 dxe4 18. Nxe4 Nxe4 19. Rxe4 Rxe4 20. Bxe4 Be6 21. f4 g6 22. Rd4 f5 23. Bd3 b5 24. axb5 c5 25. Rd6 Bf7 26. Rd7 Rb8 27. b6 h6 28. Rc7 Rd8 29. Rxb7 Bxb3 30. cxb3 Rxd3 31. Rc7 Rd8 32. b7 1-0

[Event "Dortmund Sparkassen op-B"]
[Site "Dortmund"]
[Date "2011.07.27"]
[Round "5"]
[White "Huber, Helmut"]
[Black "Hlopotov, Nikita"]
[Result "0-1"]
[WhiteElo "1552"]
[BlackElo "1400"]
[PlyCount "100"]
[EventDate "2011.07.23"]
[EventType "swiss"]
[EventRounds "9"]
[EventCountry "GER"]
[SourceTitle "EXT 2013"]
[Source "ChessBase"]
[SourceDate "2012.11.22"]
[SourceVersion "1"]
[SourceVersionDate "2012.11.22"]
[SourceQuality "1"]

1. Nf3 d5 2. d4 Nf6 3. c4 e6 4. Nc3 c5 5. e3 Nc6 6. cxd5 exd5 7. Bb5 Bd7 8. 0-0 cxd4 9. exd4 Be7 10. Re1 0-0 11. Bg5 h6 12. Bf4 Bg4 13. Bxc6 bxc6 14. Qd3 Nh5 15. Be5 Bd6 16. Bxd6 Qxd6 17. Ne5 Be6 18. Qf3 Nf6 19. Rac1 Nd7 20. Na4 Nxe5 21. Rxe5 Qb4 22. Nc5 Qxd4 23. Qe2 Bg4 24. Qe1 Qxb2 25. Nd3 Qxa2 26. Nb4 Qa3 27. Nxc6 Be6 28. Nd4 Rac8 29. Rb1 Bd7 30. Rxd5 Rfe8 31. Qf1 Be6 32. Nxe6 Rxe6 33. h3 Rg6 34. Rd3 Qa2 35. Rbd1 Rc2 36. Rd8+ Kh7 37. R8d7 Rf6 38. Qd3+ g6 39. Qd5 Rfxf2 40. Qxa2 Rxa2 41. Rb1 Rxg2+ 42. Kh1 Rh2+ 43. Kg1 Kg7 44. Rbb7 Rhf2 45. h4 a5 46. Ra7 a4 47. Rd5 Rfb2 48. Rd1 a3 49. Rf1 Rg2+ 50. Kh1 Rh2+ 0-1

[Event "Dortmund Sparkassen op-B"]
[Site "Dortmund"]
[Date "2011.07.23"]
[Round "1"]
[White "Heldt, Maximilian"]
[Black "Hlopotov, Nikita"]
[Result "0-1"]
[WhiteElo "1653"]
[BlackElo "1400"]
[PlyCount "127"]
[EventDate "2011.07.23"]
[EventType "swiss"]
[EventRounds "9"]
[EventCountry "GER"]
[SourceTitle "EXT 2013"]
[Source "ChessBase"]
[SourceDate "2012.11.22"]
[SourceVersion "1"]
[SourceVersionDate "2012.11.22"]
[SourceQuality "1"]

1. e4 e5 2. d4 exd4 3. Nf3 Nc6 4. Bc4 Bc5 5. c3 dxc3 6. Bxf7+ Kxf7 7. Qd5+ Kf8 8. Qxc5+ d6 9. Qxc3 Nf6 10. Bg5 Kf7 11. 0-0 h6 12. Bxf6 gxf6 13. Nd4 Nxd4 14. Qxd4 Rg8 15. Qd5+ Be6 16. Qh5+ Ke7 17. Nc3 Qd7 18. Qxh6 c6 19. g3 Rh8 20. Qg7+ Bf7 21. e5 dxe5 22. Ne4 Qf5 23. Qxf7+ Kxf7 24. Nd6+ Ke6 25. Nxf5 Kxf5 26. f4 Ke6 27. Rf3 Rad8 28. Raf1 Rd2 29. R1f2 Rxf2 30. Rxf2 e4 31. f5+ Ke5 32. Kg2 e3 33. Re2 Kxf5 34. Rxe3 Rh7 35. h4 b6 36. Kf3 Rg7 37. Rc3 c5 38. Rc4 a5 39. g4+ Ke6 40. Kf4 Rd7 41. Re4+ Kf7 42. a3 Rd2 43. b4 cxb4 44. axb4 a4 45. b5 a3 46. Ra4 a2 47. Ke3 Rb2 48. h5 Rb4 49. Ra7+ Kg8 50. Kf3 Rb3+ 51. Kf4 Rb4+ 52. Kf5 Rxb5+ 53. Kxf6 Ra5 54. Rg7+ Kh8 55. Rc7 a1Q+ 56. Kg6 Ra8 57. Rh7+ Kg8 58. Rc7 Qd1 59. Rg7+ Kf8 60. g5 Qd3+ 61. Kh6 Qd6+ 62. g6 Qe5 63. Rf7+ Kg8 64. Rf6 0-1